000
00254nam a22000977a 4500
999
_c
516882
_d
516882
082
_a
TNC
100
_a
Bryson, Bill
_9
23661
245
_a
A short history of nearly everything
_c
by Bill Bryson
260
_a
New Delhi
_b
Broadway Books
_c
2003
300
_a
544p.